Statistics for EM holdet 1992

Click here to take the quiz!

General Stats

  • This quiz has been taken 238 times
    (237 since last reset)
  • The average score is 9 of 20

Answer Stats

HintAnswer% Correct
# 11Brian Laudrup
94%
# 7John "Faxe" Jensen
92%
# 1Peter Schmeichel
88%
# 18Kim Vilfort
64%
# 9Flemming Povlsen
60%
# 13Henrik Larsen
60%
# 4Lars Olsen
59%
# 3Kent Nielsen
52%
# 19Peter Nielsen
52%
# 5Henrik Andersen
44%
# 6Kim Christofte
38%
# 10Lars Elstrup
33%
# 20Morten Bruun
31%
# 2John Sivebæk
30%
# 16Mogens Krogh
25%
# 15Bent Christensen
20%
# 17Claus Christiansen
19%
# 8Johnny Mølby
19%
# 12Torben Piechnik
19%
# 14Torben Frank
18%

Score Distribution

Percentile by Number Answered

Percent of People with Each Score

Your Score History

You have not taken this quiz since the last reset